000
00335nam a22001457a 4500
003
SGT
020
_a
9789332549883
082
_a
621.39,JAN
100
_a
JANG JYH-SHING ROGER
245
_a
NEURO FUZZY AND SOFT COMPUTING
260
_a
CHENNAI
_b
PEARSON
_c
2015
300
_a
614
650
_a
COMPUTER ENGINEERING
942
_2
ddc
_c
BK
999
_c
18320
_d
18320